Statistics for Shinkansen/Bullet Train Stations of Japan (Tokaido and Sanyo Lines)

Click here to take the quiz!

General Stats

  • This quiz has been taken 336 times
  • The average score is 22 of 35

Answer Stats

Distance from TokyoStation% Correct
0.0KmTokyo
99%
515.4Shin Osaka
97%
25.5Shin Yokohama
95%
476.3Kyoto
94%
342Nagoya
92%
821.2Hiroshima
89%
548Shin Kobe
88%
6.8Shinagawa
83%
676.3Okayama
81%
1069.1Hakata
79%
167.4Shizuoka
75%
238.9Hamamatsu
71%
76.7Odawara
71%
135Shin Fuji
68%
601.3Himeji
66%
95.4Atami
65%
408.2Maibara
58%
944.6Shin Yamaguchi
57%
1013.2Kokura
55%
111.3Mishima
54%
992.5Shin Shimonoseki
52%
367.1Gifu Hashima
51%
274.2Toyohashi
51%
733.1Fukuyama
50%
570.2Nishi Akashi
49%
791.9Higashi Hiroshima
47%
702.1Shin Kurashiki
46%
211.3Kakegawa
45%
621.3Aioi
44%
312.8Mikawa Anjo
44%
865.4Shin Iwakuni
39%
761Mihara
36%
750.5Shin Onomichi
35%
903.5Tokuyama
35%
968.7Asa
32%

Score Distribution

Percentile by Number Answered

Percent of People with Each Score

Your Score History

You have not taken this quiz